| 000 | 01093nam a2200229Ia 4500 | ||
|---|---|---|---|
| 001 | 13276 | ||
| 005 | 20260414154909.0 | ||
| 008 | 260306t2017||||xx |||||||||||||| ||spa|| | ||
| 041 | _aESP | ||
| 082 |
_a001.42 _bH45F |
||
| 100 |
_aHernández Sampieri, Roberto _eAUT |
||
| 245 | 0 | _aFundamentos de investigación | |
| 260 | _c2017 | ||
| 300 |
_axiii, 265 páginas : _c27 cm. |
||
| 650 | _aGEN | ||
| 654 | _aCHU | ||
| 856 |
_uhttps://0u213wf4p-y-https-ebooks7--24-com.itmsp.museknowledge.com/?il=43438&pg=s9ml/chapter01/untitled_page.xhtml#data-uuid-d5be0dff9bb4404fa576f88b8d5372a6 _zVersión digital (2025) |
||
| 856 |
_uhttps://0u213wf5i-y-https-ebooks7--24-com.itmsp.museknowledge.com/biblioteca.aspx _zVéase además: Base de datos Ebook7-24 |
||
| 856 |
_uhttps://0u20fwf5l-y-https-research-ebsco-com.itmsp.museknowledge.com/c/qxo6us/search _zVéase además: Base de datos EBSCOhost |
||
| 856 |
_uhttps://0u20vwerb-y-https-ebookcentral-proquest-com.itmsp.museknowledge.com/lib/catolicasp/home.action _zVéase además: Base de datos ProQuest Ebook Central |
||
| 942 |
_cLIB _dJUS _fJUS _2ddc |
||
| 999 |
_c13276 _d13276 |
||